01311nam a2200205 a 450000100060000000300090000600800410001502000150005604000280007108200150009910000750011411000380018924500430022726000580027030000110032850000540033950506120039365000470100565000530105218548CO-ViMGA141112s2004 ck r 000 u spa d a9586164276 aCO-ViMGAbspacCO-ViMGA04a344.9 R3441 aVillar Borda, Luis; Valencia Morato, Fabio; Hernandez Becerra, Augusto aUniversidad externado de Colombia10aRegimen de las entidades territoriales aBogotá, cUniversidad Externado de Colombia, c2000 a2 Vol. aSolicitar el ejemplar de la tabla de contenido.  aVOLUMEN (1)Fundamentos constitucionales del ordenamiento territorial Colombiano Regimen jurídico de los municipios Autoridades e instituciones municipales La cantratación estatal Control fiscal Regimen jurídico de los servicios públicos domiciliarios en Colombia VOLUMEN (2)Planeacióndel territorio municipal , propiedad y derecho urbanistico Autoridades del sistema Nacional ambiental En control interno en las entidades territoriales Impuestos territoriales Derecho a la seguridad social - Articulo 48 ley 100 de 1993 Representación y planeación Elementos básicos del presupuesto público14aDERECHO MUNICIPAL - LEGISLACION - COLOMBIA14aMUNICIPIO - GOBIERNO - ADMINISTRACION - COLOMBIA